Arte poética del romancero oral
Zapisane w:
| 1. autor: | |
|---|---|
| Format: | Książka |
| Język: | hiszpański |
| Wydane: |
Madrid
Siglo Veintiuno
1997
|
| Seria: | Lingüística y Teoría Literaria
|
| Hasła przedmiotowe: | |
| Etykiety: |
Dodaj etykietę
Nie ma etykietki, Dołącz pierwszą etykiete!
|
MARC
| LEADER | 00000nam a2200000 a 4500 | ||
|---|---|---|---|
| 001 | UCM8386 | ||
| 003 | CL-VaPUC | ||
| 008 | 030314e19970000SP |||||||||||||||||spa|d | ||
| 082 | 0 | 4 | |a 861.09 |b CAT |2 21 |
| 100 | 0 | |a Catalán, Diego |e author |9 474415 | |
| 245 | 1 | 0 | |a Arte poética del romancero oral |
| 300 | |a 2 v | ||
| 942 | |c BK | ||
| 945 | |d 20030314 00:00:00 |a rbrito | ||
| 260 | |a Madrid |b Siglo Veintiuno |c 1997 | ||
| 500 | |a v.1: Los textos abiertos de creación colectiva | ||
| 500 | |a v.2: Memoria, invención, artificio | ||
| 650 | 0 | |a Poesía española |9 264938 | |
| 650 | 0 | |a Historia y crítica |9 257407 | |
| 650 | 7 | |a POESIA MEDIEVAL ESPAÑOLA |2 CL-VaPUC |9 374351 | |
| 650 | 0 | |a Edad media |9 258041 | |
| 650 | 0 | |a Poesía española renacentista |9 474416 | |
| 583 | |a last modification |c 20030314 00:00:00 |k Rodrigo Vera | ||
| 490 | 0 | |a Lingüística y Teoría Literaria | |
| 999 | |c 302906 |d 302904 | ||
| 952 | |0 0 |1 0 |4 0 |6 861_090000000000000_CAT_1997 |7 0 |8 A |9 363737 |a FDOPOS |b FDOPOS |d 2019-11-21 |h v.1 |i 3844269 |o 861.09 CAT 1997 |p 3844269 |r 2025-01-22 |w 2019-11-21 |y BK |k MLH | ||
| 952 | |0 0 |1 0 |4 0 |6 861_090000000000000_CAT_1997 |7 0 |8 A |9 363738 |a FDOPOS |b FDOPOS |d 2019-11-21 |h v.2 |i 3844277 |o 861.09 CAT 1997 |p 3844277 |r 2025-01-22 |w 2019-11-21 |y BK |k MLH | ||